000 00626cam a22002293a 4500
001 12102
003 PGUSA
005 20140828083245.0
008 040401s2004||||xxu|||||s|||||000 1 eng d
040 _aPGUSA
_beng
042 _adc
050 4 _aPS
100 1 _aBacheller, Irving,
_d1859-1950
245 1 0 _aDarrel of the Blessed Isles
_h[electronic resource] /
_cIrving Bacheller
260 _bProject Gutenberg,
_c2004
506 _aPublic domain in the USA.
516 _aElectronic text
653 _aFiction
830 0 _aProject Gutenberg
_v12102
856 4 0 _uhttp://www.gutenberg.org/ebooks/12102
942 _cEB
999 _c241357
_d241357